<?xml version="1.0" encoding="UTF-8"?>
<record
    xmlns:xsi="http://www.w3.org/2001/XMLSchema-instance"
    xsi:schemaLocation="http://www.loc.gov/MARC21/slim http://www.loc.gov/standards/marcxml/schema/MARC21slim.xsd"
    xmlns="http://www.loc.gov/MARC21/slim">

  <leader>01747nam a2200301   4500</leader>
  <controlfield tag="003">NALT</controlfield>
  <controlfield tag="005">20260216094757.0</controlfield>
  <controlfield tag="008">251110b        th ||||| |||| 00| 1 tha d</controlfield>
  <datafield tag="020" ind1=" " ind2=" ">
    <subfield code="a">9786160433742</subfield>
  </datafield>
  <datafield tag="040" ind1=" " ind2=" ">
    <subfield code="a">NALT</subfield>
  </datafield>
  <datafield tag="041" ind1="1" ind2=" ">
    <subfield code="a">tha</subfield>
    <subfield code="h">eng</subfield>
  </datafield>
  <datafield tag="090" ind1=" " ind2=" ">
    <subfield code="a">FIC</subfield>
    <subfield code="b">&#xE23;942&#xE2E; 2559</subfield>
  </datafield>
  <datafield tag="100" ind1="1" ind2=" ">
    <subfield code="a">&#xE42;&#xE23;&#xE27;&#xE4C;&#xE25;&#xE34;&#xE48;&#xE07;, &#xE40;&#xE08;. &#xE40;&#xE04;.</subfield>
    <subfield code="9">12216</subfield>
  </datafield>
  <datafield tag="245" ind1="1" ind2="0">
    <subfield code="a">&#xE41;&#xE2E;&#xE23;&#xE4C;&#xE23;&#xE35;&#xE48; &#xE1E;&#xE2D;&#xE15;&#xE40;&#xE15;&#xE2D;&#xE23;&#xE4C; &#xE01;&#xE31;&#xE1A;&#xE40;&#xE14;&#xE47;&#xE01;&#xE15;&#xE49;&#xE2D;&#xE07;&#xE04;&#xE33;&#xE2A;&#xE32;&#xE1B; &#xE20;&#xE32;&#xE04;&#xE2B;&#xE19;&#xE36;&#xE48;&#xE07;&#xE41;&#xE25;&#xE30;&#xE2A;&#xE2D;&#xE07; &#xE1A;&#xE17;&#xE25;&#xE30;&#xE04;&#xE23;&#xE40;&#xE27;&#xE17;&#xE35; &#xE09;&#xE1A;&#xE31;&#xE1A;&#xE0B;&#xE49;&#xE2D;&#xE21;&#xE43;&#xE2B;&#xE0D;&#xE48; / </subfield>
    <subfield code="c">&#xE40;&#xE08;. &#xE40;&#xE04;. &#xE42;&#xE23;&#xE27;&#xE4C;&#xE25;&#xE34;&#xE48;&#xE07; &#xE40;&#xE02;&#xE35;&#xE22;&#xE19; ; &#xE2A;&#xE38;&#xE21;&#xE32;&#xE25;&#xE35;, &#xE41;&#xE1B;&#xE25;.</subfield>
  </datafield>
  <datafield tag="250" ind1=" " ind2=" ">
    <subfield code="a">&#xE1E;&#xE34;&#xE21;&#xE1E;&#xE4C;&#xE04;&#xE23;&#xE31;&#xE49;&#xE07;&#xE17;&#xE35;&#xE48; 3.</subfield>
  </datafield>
  <datafield tag="260" ind1=" " ind2=" ">
    <subfield code="a">&#xE01;&#xE23;&#xE38;&#xE07;&#xE40;&#xE17;&#xE1E;&#xE2F; : </subfield>
    <subfield code="b">&#xE19;&#xE32;&#xE19;&#xE21;&#xE35;&#xE1A;&#xE38;&#xE4A;&#xE04;&#xE2A;&#xE4C;,</subfield>
    <subfield code="c">2559.</subfield>
  </datafield>
  <datafield tag="300" ind1=" " ind2=" ">
    <subfield code="a">368 &#xE2B;&#xE19;&#xE49;&#xE32; ; </subfield>
    <subfield code="c">21 &#xE0B;&#xE21;.</subfield>
  </datafield>
  <datafield tag="505" ind1="0" ind2=" ">
    <subfield code="a">&#xE20;&#xE32;&#xE04;&#xE2B;&#xE19;&#xE36;&#xE48;&#xE07; --
&#xE2D;&#xE07;&#xE01;&#xE4C;&#xE17;&#xE35;&#xE48;&#xE2B;&#xE19;&#xE36;&#xE48;&#xE07; --
&#xE2D;&#xE07;&#xE01;&#xE4C;&#xE17;&#xE35;&#xE48;&#xE2A;&#xE2D;&#xE07;
&#xE20;&#xE32;&#xE04;&#xE2A;&#xE2D;&#xE07; --
&#xE2D;&#xE07;&#xE01;&#xE4C;&#xE17;&#xE35;&#xE48;&#xE2A;&#xE32;&#xE21; --
&#xE2D;&#xE07;&#xE01;&#xE4C;&#xE17;&#xE35;&#xE48;&#xE2A;&#xE35;&#xE48; --
&#xE23;&#xE32;&#xE22;&#xE0A;&#xE37;&#xE48;&#xE2D;&#xE19;&#xE31;&#xE01;&#xE41;&#xE2A;&#xE14;&#xE07; --
&#xE17;&#xE35;&#xE21;&#xE07;&#xE32;&#xE19;&#xE2A;&#xE23;&#xE49;&#xE32;&#xE07;&#xE2A;&#xE23;&#xE23;&#xE04;&#xE4C;&#xE41;&#xE25;&#xE30;&#xE2D;&#xE33;&#xE19;&#xE27;&#xE22;&#xE01;&#xE32;&#xE23;&#xE1C;&#xE25;&#xE34;&#xE15; --
&#xE0A;&#xE35;&#xE27;&#xE1B;&#xE23;&#xE30;&#xE27;&#xE31;&#xE15;&#xE34;&#xE02;&#xE2D;&#xE07;&#xE17;&#xE35;&#xE21;&#xE1C;&#xE39;&#xE49;&#xE40;&#xE02;&#xE35;&#xE22;&#xE19;&#xE40;&#xE23;&#xE37;&#xE48;&#xE2D;&#xE07; --
&#xE01;&#xE34;&#xE15;&#xE15;&#xE34;&#xE01;&#xE23;&#xE23;&#xE21;&#xE1B;&#xE23;&#xE30;&#xE01;&#xE32;&#xE28;.</subfield>
  </datafield>
  <datafield tag="650" ind1=" " ind2="4">
    <subfield code="a">&#xE19;&#xE27;&#xE19;&#xE34;&#xE22;&#xE32;&#xE22;&#xE2D;&#xE31;&#xE07;&#xE01;&#xE24;&#xE29;</subfield>
    <subfield code="9">80</subfield>
  </datafield>
  <datafield tag="700" ind1="1" ind2=" ">
    <subfield code="a">Rowling, J. K.</subfield>
    <subfield code="9">15284</subfield>
  </datafield>
  <datafield tag="700" ind1="0" ind2=" ">
    <subfield code="a">&#xE2A;&#xE38;&#xE21;&#xE32;&#xE25;&#xE35;</subfield>
    <subfield code="9">66989</subfield>
  </datafield>
  <datafield tag="942" ind1=" " ind2=" ">
    <subfield code="2">local</subfield>
    <subfield code="c">FIC</subfield>
  </datafield>
  <datafield tag="996" ind1=" " ind2=" ">
    <subfield code="a">jidapa.t</subfield>
    <subfield code="b">ACQSTF</subfield>
    <subfield code="c">2025-11-10</subfield>
  </datafield>
  <datafield tag="996" ind1=" " ind2=" ">
    <subfield code="a">varee.k</subfield>
    <subfield code="b">LIBSTF</subfield>
    <subfield code="c">2025-11-11</subfield>
  </datafield>
  <datafield tag="996" ind1=" " ind2=" ">
    <subfield code="a">saiphon.d</subfield>
    <subfield code="b">CATSTF	</subfield>
    <subfield code="c">2025-11-12</subfield>
  </datafield>
  <datafield tag="999" ind1=" " ind2=" ">
    <subfield code="c">107458</subfield>
    <subfield code="d">107458</subfield>
  </datafield>
  <datafield tag="998" ind1=" " ind2=" ">
    <subfield code="j">8</subfield>
    <subfield code="k"> &#xE19;&#xE32;&#xE22;&#xE1A;&#xE31;&#xE13;&#xE11;&#xE34;&#xE15;  &#xE2D;&#xE38;&#xE17;&#xE32;&#xE27;&#xE07;&#xE04;&#xE4C;</subfield>
  </datafield>
  <datafield tag="952" ind1=" " ind2=" ">
    <subfield code="0">0</subfield>
    <subfield code="1">0</subfield>
    <subfield code="2">local</subfield>
    <subfield code="4">0</subfield>
    <subfield code="7">0</subfield>
    <subfield code="8">CFICSHT</subfield>
    <subfield code="a">NALT</subfield>
    <subfield code="b">NALT</subfield>
    <subfield code="c">FICSHT</subfield>
    <subfield code="d">2025-11-10</subfield>
    <subfield code="l">1</subfield>
    <subfield code="m">1</subfield>
    <subfield code="o">FIC &#xE23;942&#xE2E; 2559</subfield>
    <subfield code="p">3961215892</subfield>
    <subfield code="r">2026-03-04 00:00:00</subfield>
    <subfield code="s">2026-02-16</subfield>
    <subfield code="w">2025-11-10</subfield>
    <subfield code="y">FIC</subfield>
  </datafield>
</record>
